00714nam a2200229Ia 4500003000900000008004100009040001300050040001300063041000800076100001200084100000700096245008500103250000900188260002100197260000900218300001000227490003500237490000600272942000700278999001300285952018600298IT-RoPAU120407s9999 xx 000 0 und d aIT-RoPAU cIT-RoPAU aita aAlfonso cp. aLa vita insieme. Risposte e quesiti sul matrimonio prima e dopo le nozze. 2a.ed. aAlba aEdizioni Paoline c1969 c18 cm aI libri d. Famiglia Crist., 4 v1 cBK c232d232 00102ddc406208_31400000000000071aPAULUSbPAULUSd2012-04-11l0o208.314r2012-04-11 00:00:00w2012-04-11yBKzInserito da: Anna In data: n.d. fondo: Via A.Severo 56 Progr:22571